Normal view
MARC view
- Coombs, Clyde.F
Entry Personal Name
001 - CONTROL NUMBER
- control field: 67868
003 - CONTROL NUMBER IDENTIFIER
- control field: NUST
005 - DATE AND TIME OF LATEST TRANSACTION
- control field: 20210628203925.0
008 - FIXED-LENGTH DATA ELEMENTS
- fixed length control field: 210628|| aca||aabn | a|a d
040 ## - CATALOGING SOURCE
- Original cataloging agency: NUST
- Transcribing agency: NUST
100 ## - HEADING--PERSONAL NAME
- Personal name: Coombs, Clyde.F
670 ## - SOURCE DATA FOUND
- Source citation: Work cat.: (NUST): Coombs, Clyde.F, Printed circuit handbook, multilayer and flexible circuits, 1990
